| 000 | 00786nam a2200265Ia 4500 | ||
|---|---|---|---|
| 001 | Para_2783 | ||
| 003 | CHAP | ||
| 008 | 220125s1987 xx 000 0 und d | ||
| 010 | _a201241 | ||
| 040 | _cCHAP | ||
| 082 | _aPA 576.6483 F7 | ||
| 100 |
_aFraser, R. S. S. _943067 |
||
| 245 |
_aBiochemistry of virus-infected plants / _c by R.S.S. Fraser |
||
| 260 |
_aLetchworth, N. Y. : _b Wiley |
||
| 300 | _a259 p. : ilus | ||
| 440 |
_aResearch studies in botany and related applied fields; 3 _9166124 |
||
| 650 |
_aVirus Plantas _x Enfermedades por virus QuĂmica vegetal _9166125 |
||
| 901 | _aPA 576.6483 F7 | ||
| 902 | _aA | ||
| 905 | _a0000001987 LET 0000000000 00 | ||
| 910 | _a1987 | ||
| 942 | _cPARA | ||
| 942 |
_cPARA _d1 |
||
| 999 |
_c201241 _d201241 |
||